Central Library OPAC University of Rajshahi

Principles of political science / (Record no. 54978)

MARC details
000 -LEADER
fixed length control field 00679nam a2200229 a 4500
001 - CONTROL NUMBER
control field 54978
003 - CONTROL NUMBER IDENTIFIER
rucl marc code BD-RjUL
005 - DATE AND TIME OF LATEST TRANSACTION
control field 20211209080210.0
008 - FIXED-LENGTH DATA ELEMENTS--GENERAL INFORMATION
fixed length control field 161113r19831981ii | 001 0 eng
035 ## - SYSTEM CONTROL NUMBER
System control number (BD-RjUL)55100
040 ## - CATALOGING SOURCE
Original cataloging agency DLC
Transcribing agency DLC
Modifying agency ZCU
-- BD-RjUL
Language of cataloging eng
041 ## - LANGUAGE CODE
Language code of text/sound track or separate title eng
082 ## - DEWEY DECIMAL CLASSIFICATION NUMBER
Edition number 23
Classification number 320
Author mark and year KAP 1984
100 1# - MAIN ENTRY--PERSONAL NAME
Personal name Kapur, Anup Chand.
9 (RLIN) 163926
245 10 - TITLE STATEMENT
Title Principles of political science /
Statement of responsibility, etc. Anup Chand, Kapur.
250 ## - EDITION STATEMENT
Edition statement 13th rev. ed.
260 ## - PUBLICATION, DISTRIBUTION, ETC. (IMPRINT)
Place of publication, distribution, etc. Delhi :
Name of publisher, distributor, etc. S. Chand,
Date of publication, distribution, etc. 1982 [reprinted 1984].
300 ## - PHYSICAL DESCRIPTION
Pagination 751 p. ;
Size 23 cm.
500 ## - GENERAL NOTE
General note Includes index
650 #0 - SUBJECT ADDED ENTRY--TOPICAL TERM
Topical term or geographic name as entry element Political science
General subdivision Study and teaching (Secondary)
Geographic subdivision India.
9 (RLIN) 163927
942 ## - ADDED ENTRY ELEMENTS (KOHA)
Source of classification or shelving scheme Dewey Decimal Classification
Koha item type Books
Holdings
Lost status Source of classification or shelving scheme Damaged status Not for loan Collection code Permanent Location Current Location Shelving location Date acquired Source of acquisition Cost, normal purchase price Total Checkouts Full call number Date last seen Date checked out Copy number Koha item type
  Dewey Decimal Classification     Non-fiction Central Library, University of Rajshahi Central Library, University of Rajshahi   26/08/1984 Tulip, Dhaka 35.00 5 320 KAP 1983 29/10/2019 13/10/2019 C-2 Books